01134nam a2200277 4500003000400000005001700004008004100021040001800062041000800080050001900088245017200107264007600279300004300355336002200398337002400420338002400444500006900468611005300537650004800590700005200638700005300690700004300743700004100786942001200827999001700839OSt20260530113858.0260418t199 mx a|||| |||| 00| 0 spa d aICIbspacICI aspa 4aGC35.2M4 bE5700aEntre mares : bmemoria grafica / credaccion de textos Enrique Portillo Venegas, Claudia Mondragon Becerra, Patricia Lozano ; fotografia Francisco Lara ... [y otros.] 1bFideicomiso Expo Lisboa '98 : bMargen Rojo, cc1999aMéxico, D.F. :  a104 páginas : bilustracionesc30 cm atexto2rdacontent asin medio2rdamedia avolumen2rdacarrier aA la cabeza de la portada: Presencia de Mexico en Expo'98 Lisboa aExpo ´98 y(1998 : zLisboa, Portugal). 932001 4aOceanografíavExposicioneszMexico932002 aPortillo Venegas, Enrique, ecolaborador932003 aMondragon Becerra, Claudia, ecolaborador932004 aLozano, Patricia, ecolaborador932005 aLara, Francisco, eilustrador932006 2lcccBK c11707d11707